[Event "FRM-chT2"]
[Site "Struga"]
[Date "2024.07.08"]
[Round "2.3"]
[White "Jovanovski, Teodor"]
[Black "Lusheski, Konstantin"]
[Result "1-0"]
[WhiteElo "2112"]
[BlackElo "1889"]
[PlyCount "35"]
[EventDate "2024.07.07"]
[EventType "team-tourn"]
[EventRounds "9"]
[EventCountry "MKD"]
[SourceTitle "EXT 2025"]
[Source "ChessBase"]
[SourceDate "2024.10.14"]
[SourceVersion "1"]
[SourceVersionDate "2024.10.14"]
[SourceQuality "1"]

1. d4 Nf6 2. c4 g6 3. Nc3 d5 4. cxd5 Nxd5 5. e4 Nxc3 6. bxc3 Bg7 7. Bc4 c5 8. Ne2 Nc6 9. Be3 0-0 10. h4 cxd4 11. cxd4 e5 12. d5 Nd4 13. Nxd4 exd4 14. Bg5 Qd6 15. 0-0 f5 16. Be7 Qf4 17. d6+ Kh8 18. Bxf8 1-0

[Event "FRM-chT2"]
[Site "Struga"]
[Date "2024.07.07"]
[Round "1.2"]
[White "Glavinac, Goran"]
[Black "Lusheski, Konstantin"]
[Result "0-1"]
[WhiteElo "2013"]
[BlackElo "1889"]
[PlyCount "134"]
[EventDate "2024.07.07"]
[EventType "team-tourn"]
[EventRounds "9"]
[EventCountry "MKD"]
[SourceTitle "EXT 2025"]
[Source "ChessBase"]
[SourceDate "2024.10.14"]
[SourceVersion "1"]
[SourceVersionDate "2024.10.14"]
[SourceQuality "1"]

1. d4 Nf6 2. c4 g6 3. g3 Bg7 4. Bg2 d5 5. cxd5 Nxd5 6. e4 Nb6 7. Ne2 0-0 8. 0-0 e5 9. dxe5 Bxe5 10. Nbc3 Bg4 11. Qc2 Nc6 12. Bh6 Bg7 13. Bxg7 Kxg7 14. h3 Bxe2 15. Nxe2 Qe7 16. a3 Rfd8 17. Rac1 Kg8 18. h4 Rd6 19. Nf4 Rad8 20. Nd5 Nxd5 21. exd5 Nd4 22. Qxc7 R6d7 23. Qc4 Ne2+ 24. Kh2 Nxc1 25. Rxc1 h5 26. Rc2 Qd6 27. Qd4 a6 28. Rd2 Rc7 29. b4 Re8 30. Rd3 Re1 31. Rc3 Rxc3 32. Qxc3 Re8 33. Qd4 Re2 34. Kg1 Re1+ 35. Kh2 Re7 36. Bf3 Rc7 37. Kg2 Rc8 38. Kh2 Ra8 39. Qc3 b6 40. Kg2 a5 41. b5 Qc5 42. Qd3 Rd8 43. a4 Rd6 44. Qe4 Kg7 45. Qd3 Rf6 46. Qd2 Qb4 47. Qc2 Qd4 48. Qd1 Qxd1 49. Bxd1 Rd6 50. Bb3 Kf6 51. f4 Ke7 52. Kf3 Rd8 53. f5 gxf5 54. Ke3 Kd6 55. Kf4 Rg8 56. Bd1 Kxd5 57. Bxh5 Ke6 58. Bd1 Kf6 59. Bc2 Rg4+ 60. Kf3 Rc4 61. Bd1 Rc3+ 62. Kf2 Ke5 63. h5 Kf6 64. Kg2 Kg5 65. Kf2 f6 66. Kg2 Rd3 67. Bf3 Rd2+ 0-1

[Event "Struga Lake Queen U18 op"]
[Site "Struga"]
[Date "2023.09.09"]
[Round "5"]
[White "Dafa, Sirio"]
[Black "Lusheski, Konstantin"]
[Result "1/2-1/2"]
[WhiteElo "1710"]
[BlackElo "1799"]
[PlyCount "77"]
[EventDate "2023.09.08"]
[EventType "swiss"]
[EventRounds "6"]
[EventCountry "MKD"]
[SourceTitle "CBM 216 Extra"]
[Source "ChessBase"]
[SourceDate "2023.11.30"]
[SourceVersion "1"]
[SourceVersionDate "2023.11.30"]
[SourceQuality "1"]

1. e4 c5 2. c3 d5 3. exd5 Nf6 4. Bb5+ Nbd7 5. Qf3 a6 6. Bxd7+ Qxd7 7. a4 Qxd5 8. Qxd5 Nxd5 9. d3 Bf5 10. Ke2 e6 11. h3 Be7 12. Nf3 Rd8 13. g4 Bg6 14. Ne5 Bf6 15. Nxg6 hxg6 16. Na3 0-0 17. a5 Be5 18. Nc4 Bb8 19. Be3 Rfe8 20. Rad1 Rc8 21. Kf3 Red8 22. Rhe1 f6 23. h4 Kf7 24. Nd2 Bc7 25. Bxc5 Bxa5 26. Ne4 Rc6 27. d4 Bc7 28. Ba3 b6 29. b3 Bb8 30. c4 Nc7 31. Re2 b5 32. Bc5 Rd7 33. Red2 Ne8 34. d5 exd5 35. cxd5 Rc8 36. b4 Nd6 37. Ra2 Nxe4 38. Kxe4 Bd6 39. Rxa6 1/2-1/2

[Event "Struga Lake Queen U18 op"]
[Site "Struga"]
[Date "2023.09.08"]
[Round "2"]
[White "Nikolovski, Branko Nikola"]
[Black "Lusheski, Konstantin"]
[Result "0-1"]
[WhiteElo "1550"]
[BlackElo "1799"]
[PlyCount "102"]
[EventDate "2023.09.08"]
[EventType "swiss"]
[EventRounds "6"]
[EventCountry "MKD"]
[SourceTitle "CBM 216 Extra"]
[Source "ChessBase"]
[SourceDate "2023.11.30"]
[SourceVersion "1"]
[SourceVersionDate "2023.11.30"]
[SourceQuality "1"]

1. e4 c5 2. Nf3 d6 3. d4 cxd4 4. Nxd4 Nf6 5. Nc3 Nc6 6. Bg5 e6 7. Qd2 a6 8. 0-0-0 Bd7 9. f4 Be7 10. Nf3 b5 11. Bxf6 gxf6 12. Kb1 Qb6 13. Bd3 b4 14. Ne2 a5 15. Bc4 Qc5 16. Qd3 0-0 17. Ned4 Nxd4 18. Qxd4 Rfc8 19. b3 a4 20. Qxc5 Rxc5 21. Kb2 Rca5 22. Ra1 f5 23. e5 d5 24. Bd3 Bc5 25. Rhe1 Bf2 26. Re2 Bc5 27. g4 fxg4 28. Rg2 h5 29. h3 Kf8 30. hxg4 hxg4 31. Rxg4 Ke7 32. Rg7 a3+ 33. Kc1 Be3+ 34. Kd1 Bxf4 35. Ke2 d4 36. Rf1 Bxe5 37. Nxe5 Rxe5+ 38. Kd2 Be8 39. Rf4 Rd8 40. Bh7 Rh5 41. Bg8 Rf5 42. Rh4 Rf2+ 43. Kd1 d3 44. cxd3 Rxd3+ 45. Ke1 Rxa2 46. Rxb4 Rb2 47. Bxf7 Bxf7 48. Rb7+ Rd7 49. Rxf7+ Kxf7 50. Rxd7+ Kf6 51. Ra7 a2 0-1

[Event "FRM-chT2"]
[Site "Struga"]
[Date "2023.07.04"]
[Round "7.2"]
[White "Lusheski, Konstantin"]
[Black "Kralevski, Aleksander"]
[Result "0-1"]
[WhiteElo "1735"]
[BlackElo "2041"]
[PlyCount "50"]
[EventDate "2023.06.30"]
[EventType "team-tourn"]
[EventRounds "7"]
[EventCountry "MKD"]
[SourceTitle "EXT 2024"]
[Source "ChessBase"]
[SourceDate "2023.10.10"]
[SourceVersion "1"]
[SourceVersionDate "2023.10.10"]
[SourceQuality "1"]

1. e4 e5 2. Nf3 Nc6 3. Bc4 Nf6 4. d3 Bc5 5. c3 a5 6. 0-0 d6 7. Nbd2 h6 8. Re1 0-0 9. Nf1 Be6 10. Bxe6 fxe6 11. d4 exd4 12. cxd4 Bb4 13. Re2 d5 14. a3 dxe4 15. Rxe4 Nxe4 16. axb4 Nxb4 17. Ne3 Nd5 18. Qd3 Nef6 19. Nc4 Nb4 20. Qe2 Qd5 21. Nce5 c6 22. Be3 Qe4 23. Qc4 Nfd5 24. Rc1 Nxe3 25. Qxe6+ Kh7 0-1

[Event "FRM-chT2"]
[Site "Struga"]
[Date "2023.07.01"]
[Round "3.3"]
[White "Ranic, Viktor"]
[Black "Lusheski, Konstantin"]
[Result "1/2-1/2"]
[WhiteElo "1912"]
[BlackElo "1735"]
[PlyCount "142"]
[EventDate "2023.06.30"]
[EventType "team-tourn"]
[EventRounds "7"]
[EventCountry "MKD"]
[SourceTitle "EXT 2024"]
[Source "ChessBase"]
[SourceDate "2023.10.10"]
[SourceVersion "1"]
[SourceVersionDate "2023.10.10"]
[SourceQuality "1"]

1. e4 c5 2. Nf3 Nc6 3. Bb5 Nf6 4. Bxc6 dxc6 5. d3 g6 6. 0-0 Bg7 7. Nc3 0-0 8. h3 Ne8 9. Be3 b6 10. Qd2 e5 11. Bh6 Qd6 12. Bxg7 Kxg7 13. Qg5 f6 14. Qg3 Kh8 15. Rad1 Ng7 16. Ne2 Qe6 17. b3 a5 18. Nd2 a4 19. f4 Nh5 20. Qf2 Nxf4 21. Nxf4 exf4 22. Qxf4 axb3 23. axb3 Bd7 24. Ra1 Kg7 25. Nf3 b5 26. Qe3 Qd6 27. e5 fxe5 28. Rxa8 Rxa8 29. Nxe5 Be8 30. c3 Qe7 31. Qf4 Rd8 32. Rf3 Rd5 33. Re3 Qf6 34. Qg3 Rd8 35. Rf3 Qd6 36. h4 h5 37. Qg5 Ra8 38. Rf1 Ra2 39. Qf4 Re2 40. d4 cxd4 41. cxd4 c5 42. Nd3 Qxd4+ 43. Qxd4+ cxd4 44. Rf4 Bc6 45. Rxd4 Rxg2+ 46. Kf1 Rd2 47. Ke1 Rh2 48. Ne5 Rc2 49. b4 Bg2 50. Rf4 Rc7 51. Kf2 Bd5 52. Ke3 Be6 53. Kd4 Bf5 54. Kd5 Kf6 55. Kd6 Rb7 56. Nf3 Rb8 57. Kc5 Ke6 58. Rd4 Ke7 59. Ne5 Kf6 60. Nc6 Rb7 61. Rd6+ Kg7 62. Nd4 Bd7 63. Rd5 Bh3 64. Nxb5 Bg2 65. Rg5 Bf3 66. Nd4 Bh1 67. b5 Rd7 68. Nc6 Kf6 69. Rxg6+ Kxg6 70. Ne5+ Kf5 71. Nxd7 Ba8 1/2-1/2

[Event "FRM-ch U18"]
[Site "Struga"]
[Date "2023.06.21"]
[Round "5"]
[White "Nikolovski, Branko Nikola"]
[Black "Lusheski, Konstantin"]
[Result "0-1"]
[WhiteElo "1446"]
[BlackElo "1735"]
[PlyCount "60"]
[EventDate "2023.06.17"]
[EventType "swiss"]
[EventRounds "6"]
[EventCountry "MKD"]
[SourceTitle "EXT 2024"]
[Source "ChessBase"]
[SourceDate "2023.10.10"]
[SourceVersion "1"]
[SourceVersionDate "2023.10.10"]
[SourceQuality "1"]

1. e4 c5 2. Nf3 Nc6 3. d4 cxd4 4. Nxd4 Nf6 5. Nc3 d6 6. Bg5 e6 7. Qd2 a6 8. 0-0-0 Bd7 9. f4 Be7 10. Nf3 b5 11. Bxf6 gxf6 12. Kb1 Qb6 13. Bd3 0-0-0 14. Rhe1 Kb8 15. Nd5 exd5 16. exd5 Ne5 17. fxe5 fxe5 18. Qh6 Qc5 19. Qh5 Qxd5 20. Bf5 Qb7 21. Bxd7 Rxd7 22. Nxe5 Rc7 23. Nxf7 Rf8 24. Nxd6 Qc6 25. Ne4 Qxc2+ 26. Ka1 Bb4 27. Nc3 Bxc3 28. bxc3 Qxc3+ 29. Kb1 Rf4 30. Qe8+ Kb7 0-1

[Event "FRM-chT2"]
[Site "Skopje"]
[Date "2023.05.28"]
[Round "3"]
[White "Lusheski, Konstantin"]
[Black "Osmani, Faredin"]
[Result "1/2-1/2"]
[WhiteElo "1733"]
[BlackElo "1734"]
[PlyCount "47"]
[EventDate "2023.05.27"]
[EventType "team-tourn"]
[EventRounds "6"]
[EventCountry "MKD"]
[SourceTitle "CBM 214 Extra"]
[Source "ChessBase"]
[SourceDate "2023.07.31"]
[SourceVersion "1"]
[SourceVersionDate "2023.07.31"]
[SourceQuality "1"]

1. e4 e5 2. Nf3 Nc6 3. Bc4 Bc5 4. c3 Qf6 5. 0-0 Nge7 6. b4 Bb6 7. b5 Na5 8. Be2 h6 9. d4 d6 10. Ba3 0-0 11. dxe5 dxe5 12. c4 c5 13. Nc3 Be6 14. Nd5 Bxd5 15. cxd5 Ng6 16. g3 Qd6 17. Qc2 Rac8 18. Rac1 Ne7 19. Qc3 Ng6 20. Nd2 Rfe8 21. Bg4 Rc7 22. Nc4 Nxc4 23. Qxc4 Ne7 24. Bh3 1/2-1/2

[Event "Skopje op"]
[Site "Skopje"]
[Date "2022.10.23"]
[Round "4"]
[White "Dimkovski, Stojancho"]
[Black "Lusheski, Konstantin"]
[Result "0-1"]
[WhiteElo "1981"]
[BlackElo "1626"]
[PlyCount "76"]
[EventDate "2022.10.21"]
[EventType "swiss"]
[EventRounds "9"]
[EventCountry "MKD"]
[SourceTitle "EXT 2024"]
[Source "ChessBase"]
[SourceDate "2023.10.10"]
[SourceVersion "1"]
[SourceVersionDate "2023.10.10"]
[SourceQuality "1"]

1. c4 Nf6 2. Nf3 g6 3. g3 Bg7 4. Bg2 0-0 5. 0-0 d6 6. Nc3 e5 7. d3 Nc6 8. Bg5 h6 9. Bxf6 Bxf6 10. Rb1 a5 11. a3 Bg7 12. b4 axb4 13. axb4 Be6 14. b5 Ne7 15. Qb3 Qd7 16. Nd5 Ra5 17. Nd2 Nf5 18. e3 c6 19. Qc3 Ra7 20. Rb3 cxd5 21. cxd5 e4 22. Qc4 Nxe3 23. fxe3 Bh3 24. Nxe4 Rc8 25. Qb4 Rc2 26. Nf2 Raa2 27. Ra3 Bxg2 28. Rxa2 Rxa2 29. Kxg2 Rb2 30. Qf4 Be5 31. Qxh6 Qxb5 32. e4 Qxd3 33. Qh4 b5 34. Qg4 b4 35. Kg1 Qe3 36. Qc8+ Kg7 37. Qc1 Qxc1 38. Rxc1 Bd4 0-1

[Event "FRM-chT2 Gp-A"]
[Site "Ohrid"]
[Date "2022.07.22"]
[Round "3.4"]
[White "Lusheski, Konstantin"]
[Black "Stolevski, Kristijan"]
[Result "1-0"]
[WhiteElo "1573"]
[BlackElo "1095"]
[PlyCount "61"]
[EventDate "2022.07.21"]
[EventType "team-tourn"]
[EventRounds "5"]
[EventCountry "MKD"]
[SourceTitle "CBM 210 Extra"]
[Source "ChessBase"]
[SourceDate "2022.11.30"]
[SourceVersion "1"]
[SourceVersionDate "2022.11.30"]
[SourceQuality "1"]
[WhiteTeam "Lasker"]
[BlackTeam "Struga"]
[WhiteTeamCountry "MKD"]
[BlackTeamCountry "MKD"]

1. e4 e5 2. Nc3 Nc6 3. g3 d6 4. Bg2 Be6 5. Nge2 Qd7 6. d4 Bh3 7. 0-0 h5 8. dxe5 Bxg2 9. Kxg2 h4 10. e6 Qxe6 11. Nf4 Qd7 12. g4 0-0-0 13. h3 g6 14. Ncd5 Bg7 15. Be3 Kb8 16. Rb1 Nge7 17. b4 Ne5 18. Nxe7 Qxe7 19. Nd5 Qf8 20. Rb3 f5 21. Ra3 b6 22. Nxc7 Kxc7 23. Rxa7+ Kb8 24. Ra6 fxg4 25. Qd5 Qf3+ 26. Kg1 Kc8 27. Ra7 Qxe4 28. Qxe4 d5 29. Qg2 Bh6 30. Bxh6 Rxh6 31. Ra8+ 1-0

[Event "FRM-ch U18"]
[Site "Struga"]
[Date "2022.06.20"]
[Round "3"]
[White "Veljanoski, Andrej"]
[Black "Lusheski, Konstantin"]
[Result "1-0"]
[WhiteElo "2189"]
[BlackElo "1497"]
[PlyCount "57"]
[EventDate "2022.06.18"]
[EventType "swiss"]
[EventRounds "7"]
[EventCountry "MKD"]
[SourceTitle "EXT 2023"]
[Source "ChessBase"]
[SourceDate "2022.10.05"]
[SourceVersion "1"]
[SourceVersionDate "2022.10.05"]
[SourceQuality "1"]

1. e4 c5 2. Nf3 Nc6 3. Nc3 Nf6 4. d4 cxd4 5. Nxd4 d6 6. Bg5 e6 7. Qd2 a6 8. 0-0-0 Bd7 9. f3 b5 10. Nxc6 Bxc6 11. Kb1 Be7 12. h4 Rb8 13. g4 b4 14. Ne2 d5 15. Nd4 Ba8 16. e5 Nd7 17. Bxe7 Qxe7 18. Qe3 Nc5 19. f4 Ne4 20. Ka1 0-0 21. h5 Rfc8 22. Bd3 Nc3 23. Rdf1 Qc5 24. f5 Qa5 25. bxc3 bxc3 26. Rb1 Rb2 27. Rxb2 cxb2+ 28. Kb1 Qb6 29. f6 1-0

[Event "FRM-ch U16"]
[Site "Ohrid"]
[Date "2020.08.28"]
[Round "6"]
[White "Lusheski, Konstantin"]
[Black "Velkoski, Stojan"]
[Result "1/2-1/2"]
[WhiteElo "1463"]
[BlackElo "1755"]
[PlyCount "31"]
[EventDate "2020.08.25"]
[EventType "tourn"]
[EventRounds "9"]
[EventCountry "MKD"]
[SourceTitle "CBM 198 Extra"]
[Source "ChessBase"]
[SourceDate "2020.11.30"]
[SourceVersion "1"]
[SourceVersionDate "2020.11.30"]
[SourceQuality "1"]

1. Nf3 Nf6 2. c4 e6 3. g3 d5 4. b3 d4 5. Bb2 c5 6. Bg2 Nc6 7. 0-0 Be7 8. d3 0-0 9. Na3 e5 10. Nc2 Bd7 11. Qd2 Qc8 12. Rad1 Bd6 13. Qc1 h6 14. Rfe1 a5 15. a4 Ra6 16. Na3 1/2-1/2

[Event "FRM-ch U16"]
[Site "Ohrid"]
[Date "2020.08.28"]
[Round "7"]
[White "Risteski, Emil"]
[Black "Lusheski, Konstantin"]
[Result "1-0"]
[WhiteElo "2159"]
[BlackElo "1463"]
[PlyCount "73"]
[EventDate "2020.08.25"]
[EventType "tourn"]
[EventRounds "9"]
[EventCountry "MKD"]
[SourceTitle "CBM 198 Extra"]
[Source "ChessBase"]
[SourceDate "2020.11.30"]
[SourceVersion "1"]
[SourceVersionDate "2020.11.30"]
[SourceQuality "1"]

1. e4 Nf6 2. e5 Nd5 3. c4 Nb6 4. d4 d6 5. exd6 cxd6 6. Nc3 g6 7. Be3 Bg7 8. Rc1 0-0 9. b3 e5 10. dxe5 dxe5 11. Qxd8 Rxd8 12. c5 N6d7 13. Nf3 Nc6 14. Bc4 Na5 15. Be2 Nc6 16. Bc4 Na5 17. Bg5 Rf8 18. Be7 Nxc4 19. Bxf8 Kxf8 20. bxc4 Nxc5 21. 0-0 Bd7 22. Rfd1 Bc6 23. Ne1 Rc8 24. Nd3 Nxd3 25. Rxd3 a6 26. Rdd1 Bh6 27. Rb1 Bg5 28. Nd5 Bd8 29. Nb6 Bxb6 30. Rxb6 e4 31. Kf1 f5 32. g3 Ke7 33. Ke2 h6 34. c5 Rf8 35. Rd6 Rf6 36. Rxf6 Kxf6 37. Rb1 1-0

[Event "FRM-ch U16"]
[Site "Ohrid"]
[Date "2020.08.27"]
[Round "5"]
[White "Nikolovski, Branko Nikola"]
[Black "Lusheski, Konstantin"]
[Result "1/2-1/2"]
[WhiteElo "1291"]
[BlackElo "1463"]
[PlyCount "97"]
[EventDate "2020.08.25"]
[EventType "tourn"]
[EventRounds "9"]
[EventCountry "MKD"]
[SourceTitle "CBM 198 Extra"]
[Source "ChessBase"]
[SourceDate "2020.11.30"]
[SourceVersion "1"]
[SourceVersionDate "2020.11.30"]
[SourceQuality "1"]

1. d4 Nf6 2. Bf4 g6 3. Nc3 Bg7 4. e4 d6 5. Qd2 0-0 6. 0-0-0 c6 7. f3 b5 8. Bh6 a5 9. h4 Ba6 10. b3 b4 11. Na4 Bb5 12. Bxb5 cxb5 13. Nb2 Qc7 14. h5 Bxh6 15. Qxh6 Rc8 16. Qd2 a4 17. Kb1 axb3 18. cxb3 Qa7 19. Nd3 Nc6 20. Ne2 Nxd4 21. Nxd4 Qxd4 22. Nxb4 Qxd2 23. Rxd2 Nxh5 24. Nd5 Ra7 25. g4 Ng7 26. f4 Ne6 27. Rdh2 Nf8 28. f5 e6 29. Nf6+ Kg7 30. Nxh7 Nxh7 31. Rxh7+ Kf6 32. g5+ Kxg5 33. fxe6 Kf6 34. exf7 Rf8 35. Rf1+ Ke6 36. Rg7 Raxf7 37. Rxg6+ Ke5 38. Rg5+ Kxe4 39. Re1+ Kd4 40. Rxb5 Rf1 41. Rxf1 Rxf1+ 42. Kb2 Rf2+ 43. Ka3 d5 44. b4 Ke4 45. Kb3 d4 46. Rb8 Rf3+ 47. Kc2 Rf2+ 48. Kb3 Rf3+ 49. Kc2 1/2-1/2

[Event "FRM-ch U16"]
[Site "Ohrid"]
[Date "2020.08.26"]
[Round "2"]
[White "Lusheski, Konstantin"]
[Black "Petreski, Leonid"]
[Result "1/2-1/2"]
[WhiteElo "1463"]
[BlackElo "1594"]
[PlyCount "56"]
[EventDate "2020.08.25"]
[EventType "tourn"]
[EventRounds "9"]
[EventCountry "MKD"]
[SourceTitle "CBM 198 Extra"]
[Source "ChessBase"]
[SourceDate "2020.11.30"]
[SourceVersion "1"]
[SourceVersionDate "2020.11.30"]
[SourceQuality "1"]

1. Nf3 g6 2. c4 Bg7 3. Nc3 c5 4. g3 Nc6 5. Bg2 e6 6. d4 Nxd4 7. Nxd4 cxd4 8. Ne4 d5 9. cxd5 exd5 10. Nd2 Ne7 11. 0-0 0-0 12. Nf3 Nc6 13. Bf4 Re8 14. Qd2 Bg4 15. Rad1 Qb6 16. h3 Bf5 17. Nh4 Be4 18. f3 Bf5 19. Nxf5 gxf5 20. Kh1 Qa6 21. Bh6 f6 22. Bxg7 Kxg7 23. Rfe1 Qxa2 24. Qc2 Qc4 25. Qxf5 Rxe2 26. Bf1 Rxe1 27. Rxe1 Qb3 28. Bd3 Rh8 1/2-1/2

[Event "Ohrid Lasker U20 op"]
[Site "Ohrid"]
[Date "2019.10.13"]
[Round "7"]
[White "Novakovic, Aleksej"]
[Black "Lusheski, Konstantin"]
[Result "0-1"]
[WhiteElo "1779"]
[BlackElo "1383"]
[PlyCount "124"]
[EventDate "2019.10.10"]
[EventType "swiss"]
[EventRounds "7"]
[EventCountry "MKD"]
[SourceTitle "CBM 192 Extra"]
[Source "Chessbase"]
[SourceDate "2019.11.06"]
[SourceVersion "1"]
[SourceVersionDate "2019.11.06"]
[SourceQuality "1"]

1. d4 Nf6 2. Bf4 g6 3. Nc3 d5 4. e3 Bg7 5. h4 c5 6. dxc5 Nc6 7. Nf3 Bg4 8. Be2 0-0 9. Ne5 Bxe2 10. Qxe2 Nh5 11. Nd3 Nxf4 12. Nxf4 Qa5 13. Qd2 Qxc5 14. Nd3 Qa5 15. Ne2 Qxd2+ 16. Kxd2 Rac8 17. c3 Rfd8 18. Rad1 e5 19. Ke1 d4 20. e4 f5 21. exf5 gxf5 22. cxd4 Nxd4 23. Nxd4 Rxd4 24. Rh3 e4 25. Nf4 Rxd1+ 26. Kxd1 Bxb2 27. Rg3+ Kf7 28. Rb3 Be5 29. Rxb7+ Kf6 30. Nd5+ Ke6 31. Ne3 Rc7 32. Rb5 h5 33. Ra5 f4 34. Ra6+ Bd6 35. Nc2 Kd5 36. Ra4 Bc5 37. f3 exf3 38. gxf3 Rf7 39. Re4 Rd7 40. Kc1 Rf7 41. Kd2 Rd7 42. Kc3 Rc7 43. Kd2 Rd7 44. Kc1 Rf7 45. a4 a5 46. Re8 Rg7 47. Rh8 Rg3 48. Rxh5+ Kc4 49. Ne1 Rg1 50. Kd2 Bb4+ 51. Kc2 Rxe1 52. Rf5 Re2+ 53. Kd1 Rh2 54. Rxf4+ Kb3 55. Re4 Kxa4 56. Kc1 Kb3 57. Re3+ Bc3 58. Rd3 a4 59. h5 a3 60. Rd7 Rh1+ 61. Rd1 Rxd1+ 62. Kxd1 a2 0-1

[Event "Ohrid Lasker U20 op"]
[Site "Ohrid"]
[Date "2019.10.10"]
[Round "1"]
[White "Mateski, Stefan"]
[Black "Lusheski, Konstantin"]
[Result "0-1"]
[WhiteElo "1026"]
[BlackElo "1383"]
[PlyCount "50"]
[EventDate "2019.10.10"]
[EventType "swiss"]
[EventRounds "7"]
[EventCountry "MKD"]
[SourceTitle "CBM 192 Extra"]
[Source "Chessbase"]
[SourceDate "2019.11.06"]
[SourceVersion "1"]
[SourceVersionDate "2019.11.06"]
[SourceQuality "1"]

1. e4 c5 2. Nc3 Nc6 3. Nf3 d6 4. Bb5 g6 5. d4 cxd4 6. Nxd4 Bd7 7. Nxc6 bxc6 8. Bc4 Bg7 9. Qd3 Nf6 10. Be3 0-0 11. 0-0 Ng4 12. h3 Ne5 13. Qe2 Nxc4 14. Qxc4 Rb8 15. Rab1 Rb7 16. Rfd1 Qb8 17. Bc1 Be6 18. Qd3 d5 19. exd5 cxd5 20. g3 Bf5 21. Qxd5 Bxc3 22. bxc3 Rxb1 23. Bh6 Rxd1+ 24. Qxd1 Rd8 25. Qxd8+ Qxd8 0-1